Purple lace bra - Tate McRae Lyrics - Statistics

General Stats
  • This quiz has been taken 83 times
  • The average score is 301 of 368
Answer Stats
Answer % Correct
I
98%
you
95%
my
93%
bra
92%
lace
92%
purple
92%
your
92%
in
90%
all
88%
me
88%
did
86%
if
86%
attention
85%
been
85%
like
85%
hear
83%
I'm
83%
mad
83%
the
83%
would
83%
ah
81%
ear
81%
inner
81%
made
81%
more
81%
of
81%
on
81%
screamin'
81%
thoughts
81%
it
80%
look
80%
night
80%
right
80%
sound
80%
'til
80%
touch
80%
bleedin'
78%
eye
78%
here
78%
listen
78%
question
78%
singin'
78%
whispered
78%
and
76%
but
76%
goin'
76%
yeah
76%
cryin'
75%
what
73%
you're
73%
got
71%
head
71%
mind
71%
see
71%
'cause
69%
dance
69%
don't
69%
know
69%
that
69%
throat's
69%
want
69%
dreamin'
68%
everythin'
68%
lap
68%
losin'
68%
only
68%
res
68%
listenin'
64%
undressed
64%
giving
63%
none
63%
off
63%
take
63%
time
63%
catch
61%
tell
61%
think
61%
touched
61%
could
59%
depth
59%
rest
59%
determines
58%
let
58%
positioning
58%
through
58%
uh
58%
body
56%
head's
54%
now
54%
pique
54%
for
53%
finish
51%
'est
46%
when I'm
29%
hm
7%
everthin'
5%
hear me
5%
No matching quizzes found
Score Distribution
Percent of People with Each Score
Percentile by Number Answered
Your Score History
You have not taken this quiz